Central Library OPAC University of Rajshahi

Theory and application of infinite series / (Record no. 51234)

MARC details
000 -LEADER
fixed length control field 00829nam a22002412 4500
001 - CONTROL NUMBER
control field 51234
003 - CONTROL NUMBER IDENTIFIER
rucl marc code BD-RJUL
005 - DATE AND TIME OF LATEST TRANSACTION
control field 20211209075629.0
008 - FIXED-LENGTH DATA ELEMENTS--GENERAL INFORMATION
fixed length control field 160830r19631951enk b 000 0 eng d
035 ## - SYSTEM CONTROL NUMBER
System control number BD-RJUL 51354
040 ## - CATALOGING SOURCE
Original cataloging agency VXI
Transcribing agency VXI
Modifying agency EQO
Language of cataloging eng
041 1# - LANGUAGE CODE
Language code of text/sound track or separate title eng
Language code of original ger
082 ## - DEWEY DECIMAL CLASSIFICATION NUMBER
Edition number 23
Classification number 515
Author mark and year KNT 1951
100 1# - MAIN ENTRY--PERSONAL NAME
Personal name Knopp, Konrad,
Dates associated with a name 1882-1957.
9 (RLIN) 153274
245 00 - TITLE STATEMENT
Title Theory and application of infinite series /
Statement of responsibility, etc. Translated from the 2d German ed. by R.C. Young.
250 ## - EDITION STATEMENT
Edition statement eng edi.
260 ## - PUBLICATION, DISTRIBUTION, ETC. (IMPRINT)
Place of publication, distribution, etc. London :
-- Glasgow :
Name of publisher, distributor, etc. Blackie & Son ltd.,
Date of publication, distribution, etc. 1951 [reprint 1954-1963]
300 ## - PHYSICAL DESCRIPTION
Pagination xii, 563 p.
Size 23 cm.
500 ## - GENERAL NOTE
General note With a new chapter on Euler's summation formula and asymptotic expansions, translated by W.M. Deans.
504 ## - BIBLIOGRAPHY, ETC. NOTE
Bibliography, etc Bibliography: p. 564.
650 #0 - SUBJECT ADDED ENTRY--TOPICAL TERM
Topical term or geographic name as entry element Series, Infinite.
9 (RLIN) 152435
942 ## - ADDED ENTRY ELEMENTS (KOHA)
Source of classification or shelving scheme Dewey Decimal Classification
Koha item type Books
Holdings
Lost status Source of classification or shelving scheme Damaged status Not for loan Collection code Permanent Location Current Location Shelving location Date acquired Source of acquisition Cost, normal purchase price Total Checkouts Full call number Date last seen Copy number Koha item type
  Dewey Decimal Classification     Non-fiction Central Library, University of Rajshahi Central Library, University of Rajshahi   03/10/1962 B.H. Blackwell 45.00   515 KNT 1951 30/08/2016 C-2 Books
  Dewey Decimal Classification     Non-fiction Central Library, University of Rajshahi Central Library, University of Rajshahi   03/10/1962 B.H. Blackwell 45.00   515 KNT 1959 30/08/2016 C-3 Books
  Dewey Decimal Classification     Non-fiction Central Library, University of Rajshahi Central Library, University of Rajshahi   03/10/1962 B.H. Blackwell 45.00   515 KNT 1963 30/08/2016 C-4 Books